Stanovení poistné zásoby u výrobků s nestacionárním charakterem poptávky
Potreba normovania veľkosti poistnej zásoby v podnikoch. Rozdielne metódy stanovovania poistnej zásoby. Postup aplikácie týchto metód na príklade vybranej položky z konkrétneho podniku.
Uložené v:
| Hlavný autor: | |
|---|---|
| Médium: | Kapitola |
| Jazyk: | Czech |
| Predmet: | |
| Tagy: |
Žiadne tagy, Buďte prvý, kto otaguje tento záznam!
|
MARC
| LEADER | 00000naa a2200000 4500 | ||
|---|---|---|---|
| 001 | r047807 | ||
| 005 | 20231003123752.7 | ||
| 041 | 0 | |a cze | |
| 044 | |a CZ | ||
| 245 | 1 | 0 | |a Stanovení poistné zásoby u výrobků s nestacionárním charakterem poptávky |c Miroslav Žižka |
| 520 | |a Potreba normovania veľkosti poistnej zásoby v podnikoch. Rozdielne metódy stanovovania poistnej zásoby. Postup aplikácie týchto metód na príklade vybranej položky z konkrétneho podniku. | ||
| 610 | 2 | 0 | |a zásoby poistné |
| 610 | 2 | 0 | |a zásoby skladové |
| 610 | 2 | 0 | |a výrobky |
| 610 | 2 | 0 | |a metódy |
| 610 | 2 | 0 | |a podnik |
| 610 | 2 | 0 | |a dopyt |
| 100 | 1 | |a Žižka, Miroslav | |